01746nab a2200229 ab450000500170000000800410001700300010005804000350005910000320009424501310012650600190025752009130027665300130118965300100120265300220121265300130123465300110124760000390125877301000129785600570139785600620145420260702123450.0260604b2025 sp tr poo| 0 0 spa d aMX-MxUPNbspacMX-MxUPNeaacr21 aBergua Amores, José Angel10aLo social indeterminado :bsociologías de la ignorancia e ignorancias de la sociologíah[recurso electrónico en línea]0 aAcceso abierto3 aSegún Castoriadis, lo indeterminado es el auténtico arkhé de lo social. Las reflexiones de Heidegger sobre la nada permiten dar más cuerpo a esa afirmación. Sugerimos que lo social indeterminado son las gentes, caracterizadas por su heterogeneidad, inestabilidad e indexicalidad. Además, mostraremos que dicha indeterminación se hace patente en la sociología de dos modos. Por un lado, a través de las investigaciones que toman por objeto la ignorancia, si bien suelen disimularla e incluso extraen de ella cierta utilidad. Por otro lado, con las sociologías que se topan con los límites y lo asumen. Un ejemplo de esto son las investigaciones realizadas por el autor sobre los jóvenes, lo rural y los riders. El artículo finaliza resumiendo las conclusiones principales y mostrando las relaciones que los registros real, imaginario y simbólico tienen con lo indeterminado. cREIS aFantasma aGente aIndeterminación aJuventud aRiders10aCastoriadis, Cornelius,d1922-1997 gNo. 193 (2025), p. 21-36tREIS: revista española de investigaciones sociológicasx1988-59034 uhttps://reis.cis.es/index.php/reis/article/view/24844 uhttps://reis.cis.es/index.php/reis/article/view/2484/3049